| 000 | 00449nam a2200193Ia 4500 | ||
|---|---|---|---|
| 008 | 170918s9999 xx 000 0 und d | ||
| 020 | _a9780439472289 | ||
| 050 | _bR234 1991 | ||
| 100 | _aRathmann, Peggy | ||
| 245 | _aRuby the copycat / | ||
| 245 | _cPeggy Rathmann. | ||
| 260 | _aNew York : | ||
| 260 | _bScholastic, | ||
| 260 | _c1991 | ||
| 300 | _aunpaged : | ||
| 300 | _bcolored illustration ; | ||
| 300 | _c25cm. | ||
| 500 | _a500 | ||
| 999 |
_c342694 _d342694 |
||